Immer noch der Zeit voraus : Kindheit, Schule und Gesellschaft aus dem Blickwinkel der Freinetpaedagogik
Saved in:
| Other Authors: | , |
|---|---|
| Format: | Book |
| Language: | German |
| Published: |
Bremen :
Padagogik - Kooperative, Reihe Moderne Schule,
1999
|
| Subjects: | |
| Tags: |
Add Tag
No Tags, Be the first to tag this record!
|
MARC
| LEADER | 00000nam a2200000 i 4500 | ||
|---|---|---|---|
| 001 | 1/12374 | ||
| 008 | 000919s1999 ger d | ||
| 020 | |a 3-9805100-0-X | ||
| 035 | |l 10064182 | ||
| 040 | |a GR-MY-UA |b gre |e aacr | ||
| 041 | 0 | |a ger | |
| 082 | 0 | |a 370.1 | |
| 245 | 1 | 0 | |a Immer noch der Zeit voraus : |b Kindheit, Schule und Gesellschaft aus dem Blickwinkel der Freinetpaedagogik / |c Jochen Hering und Walter Hoevel (hrsg.) ; mit Originaltexten von Celestin Freinet |
| 260 | |a Bremen : |b Padagogik - Kooperative, |b Reihe Moderne Schule, |c 1999 | ||
| 300 | |a 301 p.; |c 21 cm | ||
| 650 | 0 | 0 | |a Education |x Philosophy. |
| 650 | 0 | 0 | |a Education. |
| 700 | 1 | |a Hering, J[ohannes] H[ermanus] |d 1731-1790? |4 edt | |
| 700 | 1 | |a Hoevel, Walter. |4 edt | |
| 700 | 1 | |a Freinet, Celestin. |4 oth | |
| 852 | |a INST |b RHODES |e 20000919 |h 370.1 IMM |p 005400012961 |q 005400012961 |t BK |y 0 | ||
| 901 | |a BIBL4-2000-3 | ||
| 909 | |a Ρ |b 070653 | ||
| 922 | |a 4ΕΛΗ |b 199911 |c ΚΠΣ/154 |d GLORY BOOKS | ||
| 970 | |z 2000/09/ΞΕΝΙΑ | ||